| 000 | 01058nam a2200253 i 4500 | ||
|---|---|---|---|
| 001 | 178175 | ||
| 003 | ES-MaACL | ||
| 005 | 20250803083921.0 | ||
| 008 | 110520s1992 sp |||| | spa d | ||
| 020 | _a84-88168-01-2 | ||
| 080 | _a304(460.27 ) | ||
| 080 | _a316.344.7(460.27) | ||
| 245 | 0 | 0 |
_aSolidaridad y convivencia / _cJaime Ruiz ... [et al.]. |
| 260 |
_aMadrid : _bFundación de Estudios Municipales y Territoriales, _c[1992] |
||
| 300 |
_a112 páginas ; _c22 cm |
||
| 505 | 0 | _aDesigualdad, pobreza y marginación en Madrid. Racismo y xenofobia. Narcotraficantes, camellos y drogodependientes | |
| 650 | 7 |
_aProblemas sociales- _zMadrid (Comunidad Autónoma) _9146644 |
|
| 650 | 4 |
_aRacismo- _zEspaña _916651 |
|
| 700 | 1 |
_aRuiz Reig, Jaime, _d1949- _eaut _9100904 |
|
| 710 | 2 |
_aFundación de Estudios Municipales y Territoriales _eedt _9146645 |
|
| 852 |
_aES-MaACL _bR.145516 _cDEPO1 _dOlim: N-4221 _hDonación Fundación de Estudios Municipales y Territoriales _jA-11217 _9185034 |
||
| 942 |
_2udc _cMONOGRAFIA _n0 |
||
| 999 |
_c178175 _d178175 |
||